000 00302nam a2200121Ia 4500
008 220204s9999 xx 000 0 und d
082 _a681.3
_bDAN
100 _aDaniel, Curhbert
245 0 _aFitting equations to data
260 _aNew York
_bJohn wiley
_c1971
700 _aWood, Fred S
942 _cBK
999 _c22683
_d22683